| Tag |
First Indicator |
Second Indicator |
Subfields |
| LEADER |
00000cam a2200000Mi 4500 |
| 001 |
in00000062958 |
| 005 |
20230810112303.0 |
| 008 |
910819s1959 ii b 001 0 eng d |
| 010 |
|
|
|z 60036338
|
| 019 |
|
|
|a 230180
|
| 020 |
|
|
|z 090621615X
|
| 029 |
1 |
|
|a AU@
|b 000012689277
|
| 029 |
1 |
|
|a DEBBG
|b BV001923557
|
| 029 |
1 |
|
|a NZ1
|b 3836796
|
| 029 |
1 |
|
|a NZ1
|b 697644
|
| 035 |
|
|
|a (OCoLC)ocm25436586
|
| 035 |
|
|
|a (OCoLC)25436586
|z (OCoLC)230180
|
| 035 |
|
|
|a (OCoLC)ocm25436586
|
| 040 |
|
|
|a REB
|b eng
|c REB
|d UBA
|d OCL
|d OCLCQ
|d OCLCF
|d DEBBG
|d OCLCQ
|d OCL
|d CDN
|d OCLCO
|
| 041 |
1 |
|
|a eng
|h fre
|
| 043 |
|
|
|a e-ur---
|
| 050 |
|
4 |
|a HD83
|b .B434 1959a
|
| 082 |
0 |
4 |
|a 338.91
|
| 084 |
|
|
|a QD 200
|2 rvk
|
| 100 |
1 |
|
|a Bettelheim, Charles.
|
| 245 |
1 |
0 |
|a Studies in the theory of planning /
|c by Charles Bettelheim.
|
| 260 |
|
|
|a India :
|b Asia Pub.,
|c 1959.
|
| 300 |
|
|
|a xii, 451 pages ;
|c 22 cm
|
| 336 |
|
|
|a text
|b txt
|2 rdacontent
|
| 337 |
|
|
|a unmediated
|b n
|2 rdamedia
|
| 338 |
|
|
|a volume
|b nc
|2 rdacarrier
|
| 500 |
|
|
|a Part one is a partial translation by Brian Pearce of ... the author's Problèmes théoriques et pratiques de planification ... Part two ... has been first circulated in July, 1956 as a set of Working papers' by the Indian Statistical Institute.
|
| 504 |
|
|
|a Includes bibliographical references and index.
|
| 505 |
2 |
|
|a "Part one is a partial translation [by Brian Pearce] of...[the author's] Problʻemes the̕oriques et pratiques de planification...Part two...has been first circulated in July 1956 as a set of ʻWorking papers ̓by the Indian Statistical Institute."
|
| 650 |
|
0 |
|a Economic policy.
|
| 650 |
|
0 |
|a Economic development.
|
| 651 |
|
0 |
|a Soviet Union
|x Economic policy
|y 1917-1928.
|
| 650 |
|
6 |
|a Politique économique.
|
| 650 |
|
6 |
|a Développement économique.
|
| 651 |
|
6 |
|a URSS
|x Politique économique
|y 1917-1928.
|
| 650 |
|
7 |
|a economic development.
|2 aat
|
| 650 |
|
7 |
|a Economic development.
|2 fast
|0 (OCoLC)fst00901785
|
| 650 |
|
7 |
|a Economic policy.
|2 fast
|0 (OCoLC)fst00902025
|
| 651 |
|
7 |
|a Soviet Union.
|2 fast
|0 (OCoLC)fst01210281
|
| 650 |
|
7 |
|a Planung
|2 gnd
|
| 650 |
|
7 |
|a Planejamento Economico.
|2 larpcal
|
| 648 |
|
7 |
|a 1917-1928
|2 fast
|
| 776 |
0 |
8 |
|i Online version:
|a Bettelheim, Charles.
|t Studies in the theory of planning.
|d India : Asia Pub., 1959
|w (OCoLC)581278330
|
| 948 |
|
|
|h HELD BY TXA - 130 OTHER HOLDINGS
|
| 994 |
|
|
|a Z0
|b TXA
|
| 999 |
f |
f |
|s b4fb0ca4-0cae-3fe1-aa1a-9bbb5a5f117f
|i 75442426-af4e-30a1-afa3-b5d6eb08a8ac
|t 0
|
| 952 |
f |
f |
|p ric
|a Texas A&M University
|b Rellis Campus
|c Joint Library Facility
|s JLF
|d Remote Storage
|t 0
|e HD83 .B434 1959a
|h Library of Congress classification
|i unmediated -- volume
|m A14800772222
|